000 01566nam a22002897a 4500
005 20260513121822.0
008 260509b |||||||| |||| 00| 0 eng d
020 _a9789370782556
040 _cAL
041 _aEnglish
082 _a658.002
_bAGAM
100 _aSrishti Agarwal...[et.al]
_9263891
245 _aMaster resource for Mat 2026
_b: entrance exam
260 _aNew Delhi
_bArihant
_c2026
300 _a1049p.
_bPB
_c27x21cm.
365 _a6831
_b₹756.00
_c
_d₹945.00
_e20%
_f14-03-2026
520 _aMaster Resource for MAT 2026 is an all-in-one preparation guide for the Management Aptitude Test (MAT), designed as per the latest exam pattern announced by AICTE. Covering all five core sections—English Language, Mathematical Skills, Intelligence & Critical Reasoning, Data Analysis & Sufficiency, and Indian & Global Environment, this book ensures thorough conceptual clarity and practice. Key Features: Covers full MAT syllabus in 5 sections as per latest pattern Solved Papers (2025–2023) with smart solutions & eliminator tips Over 2500+ MCQs for focused, high-volume practice Chapterwise theory for conceptual understanding Designed to enhance speed, accuracy, and score
650 _aEntrance Exam
_9263713
650 _aMathematical Skills
_9263714
650 _aIndian and Global Environment
_9263715
650 _aCorporate General Knowledge
_9263716
700 _aTiwari ,Smrati
_9263717
700 _aAggarwal ,Divya
_9263718
700 _aJha, Sachin
_9263719
700 _aKibria ,Fazle
_9263720
942 _2ddc
_cBK
999 _c241424
_d241424